[Event "Peterborough 4NCL Easter op-A"]
[Site "Peterborough"]
[Date "2024.03.31"]
[Round "4"]
[White "Chan, Sheng Liang Bernard"]
[Black "Fava, Lorenzo"]
[Result "1/2-1/2"]
[WhiteElo "2082"]
[BlackElo "2281"]
[PlyCount "81"]
[EventDate "2024.03.29"]
[EventType "swiss"]
[EventRounds "7"]
[EventCountry "ENG"]
[SourceTitle "CB14_2024"]
[SourceDate "2024.04.01"]
[SourceVersion "1"]
[SourceVersionDate "2024.04.01"]
[SourceQuality "1"]

1. d4 d5 2. c4 e6 3. Nf3 a6 4. Bg5 Be7 5. Bxe7 Qxe7 6. Nbd2 Nf6 7. g3 0-0 8. Bg2 c5 9. dxc5 Qxc5 10. cxd5 Nxd5 11. 0-0 Nc6 12. Rc1 Qe7 13. a3 Rd8 14. Qc2 Bd7 15. e4 Nc7 16. Rfd1 e5 17. Nc4 Bg4 18. Ne3 Rxd1+ 19. Qxd1 Rd8 20. Qe1 Be6 21. Bf1 Nd4 22. Nxe5 f6 23. Qb4 Qxb4 24. axb4 Ncb5 25. Nd3 Nd6 26. Nc5 Kf7 27. Nxe6 Nxe6 28. f3 Rc8 29. Rxc8 Nxc8 30. Bc4 Nd6 31. Bd5 Ke7 32. Nf5+ Nxf5 33. exf5 Nd8 34. f4 Kd6 35. Be4 Nc6 36. Kf2 b6 37. b5 axb5 38. Ke3 Kc5 39. Bxc6 Kxc6 40. Kd4 Kd6 41. h4 1/2-1/2

[Event "Cambridge op 2nd"]
[Site "Cambridge"]
[Date "2024.02.23"]
[Round "7"]
[White "Hanley, Craig"]
[Black "Fava, Lorenzo"]
[Result "1/2-1/2"]
[WhiteElo "2431"]
[BlackElo "2140"]
[PlyCount "91"]
[EventDate "2024.02.19"]
[EventType "swiss"]
[EventRounds "9"]
[EventCountry "ENG"]
[SourceTitle "CB09_2024"]
[SourceDate "2024.02.28"]
[SourceVersion "1"]
[SourceVersionDate "2024.02.28"]
[SourceQuality "1"]

1. Nf3 d5 2. d4 e6 3. e3 Nf6 4. Bd3 c5 5. b3 Nbd7 6. 0-0 Bd6 7. Bb2 Qc7 8. Nbd2 e5 9. dxe5 Nxe5 10. Nxe5 Bxe5 11. Bb5+ Bd7 12. Bxe5 Qxe5 13. Bxd7+ Nxd7 14. c4 Nf6 15. Nf3 Qe6 16. b4 dxc4 17. bxc5 0-0 18. Rb1 Rac8 19. Nd4 Qd5 20. c6 bxc6 21. Qc2 Rb8 22. Rbc1 Ne4 23. Rfd1 Nd6 24. Nf3 Qc5 25. h4 h6 26. Rd4 Qa3 27. Qd1 Nf5 28. Rdxc4 Qxa2 29. Ra4 Qe6 30. Qc2 Rfc8 31. Qc5 Rb5 32. Qxa7 Rcb8 33. Nd4 Nxd4 34. Qxd4 Rb1 35. Rxb1 Rxb1+ 36. Kh2 Rb8 37. Qc5 Rb5 38. Ra8+ Kh7 39. Qc2+ Qg6 40. e4 Re5 41. Ra4 Qg4 42. g3 Qf3 43. Rc4 f5 44. Rc3 Qxe4 45. Qxe4 Rxe4 46. Rxc6 1/2-1/2

[Event "Cambridge op 2nd"]
[Site "Cambridge"]
[Date "2024.02.19"]
[Round "1"]
[White "Fava, Lorenzo"]
[Black "Willow, Jonah B"]
[Result "0-1"]
[WhiteElo "2140"]
[BlackElo "2445"]
[PlyCount "70"]
[EventDate "2024.02.19"]
[EventType "swiss"]
[EventRounds "9"]
[EventCountry "ENG"]
[SourceTitle "CB09_2024"]
[SourceDate "2024.02.28"]
[SourceVersion "1"]
[SourceVersionDate "2024.02.28"]
[SourceQuality "1"]

1. e4 c5 2. Nf3 e6 3. d4 cxd4 4. Nxd4 Nf6 5. Nc3 Nc6 6. Nxc6 bxc6 7. e5 Nd5 8. Ne4 Qc7 9. f4 Qb6 10. c4 Ne3 11. Qd3 Bb4+ 12. Nc3 Nf5 13. g4 Nh4 14. Be3 Qa5 15. Bf2 Ng6 16. Bg3 Rb8 17. Be2 0-0 18. 0-0 Bxc3 19. bxc3 Rb2 20. h4 Qc5+ 21. Kh1 Ba6 22. h5 Rxe2 23. Qxe2 Bxc4 24. Qf2 Qd5+ 25. Kh2 Bxf1 26. Rxf1 Ne7 27. Qxa7 c5 28. Qa4 Ra8 29. Rb1 f5 30. Qc2 Rxa2 31. Rb2 Rxb2 32. Qxb2 fxg4 33. h6 Qa8 34. hxg7 Nf5 35. Qe2 Qh1+ 0-1

[Event "Harrogate 4NCL op 31st"]
[Site "Harrogate"]
[Date "2024.01.20"]
[Round "2"]
[White "Fava, Lorenzo"]
[Black "Sasikumar, Srivathsan"]
[Result "1-0"]
[WhiteElo "2084"]
[BlackElo "1696"]
[PlyCount "215"]
[EventDate "2024.01.19"]
[EventType "swiss"]
[EventRounds "5"]
[EventCountry "ENG"]
[SourceTitle "CB05_2024"]
[SourceDate "2024.01.31"]
[SourceVersion "1"]
[SourceVersionDate "2024.01.31"]
[SourceQuality "1"]

1. e4 c5 2. Nf3 Nc6 3. d4 cxd4 4. Nxd4 g6 5. c4 Nf6 6. Nc3 d6 7. Be2 Nxd4 8. Qxd4 Bg7 9. Be3 0-0 10. Qd2 Be6 11. f3 Rc8 12. Nd5 Bxd5 13. cxd5 a6 14. 0-0 Qd7 15. a4 e6 16. dxe6 fxe6 17. Rfd1 Rfd8 18. Bb6 Re8 19. Qxd6 Qxd6 20. Rxd6 Rc2 21. Bd3 Rxb2 22. Rb1 Rxb1+ 23. Bxb1 Bf8 24. Rd2 Rc8 25. Ba2 Kf7 26. Kf1 Rc1+ 27. Ke2 Bb4 28. Rb2 Ba3 29. Rd2 Bb4 30. Rb2 Bc3 31. Rb3 Nd7 32. Bb1 Re1+ 33. Kd3 Be5 34. Bf2 Rh1 35. Rxb7 Ke7 36. Bg3 Bxg3 37. hxg3 Rg1 38. Ke3 Rxg2 39. Bd3 Kd6 40. Bxa6 Nc5 41. Ra7 Rxg3 42. Bb5 h5 43. Kf2 Rg5 44. Rg7 Ke5 45. Rf7 Kd4 46. Rf8 Kc3 47. Ke3 Kb4 48. Kf4 Rg1 49. Be8 h4 50. Rh8 g5+ 51. Ke3 Rg3 52. Bf7 Kxa4 53. Kd4 Rxf3 54. Kc4 Na6 55. Ra8 Ka5 56. Bxe6 Kb6 57. Rg8 Rg3 58. Bf5 h3 59. Rh8 g4 60. Rh4 Rg2 61. Bxg4 h2 62. Bf5 Rc2+ 63. Kd4 Rd2+ 64. Ke3 Ra2 65. Be6 Rb2 66. Bc4 Nc5 67. Rh6+ Kc7 68. e5 Kd7 69. Kd4 Nb7 70. Rh7+ Ke8 71. Kc3 Rf2 72. Kd4 Rb2 73. Bd5 Nd8 74. Rh8+ Ke7 75. Rh7+ Ke8 76. Ke4 Rf2 77. e6 Re2+ 78. Kf5 Nxe6 79. Bxe6 Rf2+ 80. Ke5 Re2+ 81. Kd6 Rd2+ 82. Bd5 Kf8 83. Ke5 Re2+ 84. Kf4 Rf2+ 85. Kg3 Rd2 86. Bg2 Kg8 87. Ra7 Rd3+ 88. Kxh2 Rc3 89. Be4 Re3 90. Bd5+ Kf8 91. Kg2 Rc3 92. Bf3 Rc4 93. Kg3 Rb4 94. Bg4 Rc4 95. Kh4 Rc5 96. Bh5 Re5 97. Rf7+ Kg8 98. Bg6 Re1 99. Rd7 Kf8 100. Kg5 Re7 101. Rd6 Kg7 102. Bf5 Kf7 103. Rh6 Kf8 104. Bg6 Re1 105. Kf6 Rf1+ 106. Bf5 Kg8 107. Rh2 Rf3 108. Ra2 1-0

[Event "ITA-ch U20"]
[Site "Tarvisio"]
[Date "2023.07.08"]
[Round "8"]
[White "Fava, Lorenzo"]
[Black "Candiano, Valerio"]
[Result "1-0"]
[WhiteElo "2165"]
[BlackElo "1898"]
[PlyCount "87"]
[EventDate "2023.07.02"]
[EventType "swiss"]
[EventRounds "9"]
[EventCountry "ITA"]
[SourceTitle "EXT 2024"]
[Source "ChessBase"]
[SourceDate "2023.10.10"]
[SourceVersion "1"]
[SourceVersionDate "2023.10.10"]
[SourceQuality "1"]

1. d4 Nf6 2. c4 g6 3. Nc3 Bg7 4. e4 d6 5. h3 0-0 6. Be3 e5 7. d5 Nh5 8. Be2 Nf4 9. Bf3 f5 10. g3 fxe4 11. Nxe4 Nh5 12. Bg4 Na6 13. Ne2 b6 14. N2c3 Nc5 15. Ng5 e4 16. 0-0 Qe7 17. Qe2 h6 18. Bxc5 Qxg5 19. Be3 Qe5 20. Kg2 Nf6 21. Bxc8 Raxc8 22. Nb5 a6 23. Nd4 Nd7 24. Ne6 Qxb2 25. Qg4 Ne5 26. Qxe4 Rf7 27. Bd4 Qa3 28. Rad1 Qa4 29. Bxe5 dxe5 30. Qxg6 Qd7 31. Rde1 Qd6 32. Re4 c6 33. Rh4 Re8 34. Rxh6 Rxe6 35. Qh7+ Kf8 36. Rxe6 Qa3 37. Rxc6 Qf3+ 38. Kg1 Re7 39. Rc8+ Kf7 40. Qg8+ Kg6 41. Rc6+ Kg5 42. Kh2 e4 43. Qh7 Bf6 44. h4+ 1-0

[Event "ITA-ch U20"]
[Site "Tarvisio"]
[Date "2023.07.06"]
[Round "6"]
[White "Fava, Lorenzo"]
[Black "Ortobelli Lozza, Marco"]
[Result "1-0"]
[WhiteElo "2165"]
[BlackElo "1648"]
[PlyCount "59"]
[EventDate "2023.07.02"]
[EventType "swiss"]
[EventRounds "9"]
[EventCountry "ITA"]
[SourceTitle "EXT 2024"]
[Source "ChessBase"]
[SourceDate "2023.10.10"]
[SourceVersion "1"]
[SourceVersionDate "2023.10.10"]
[SourceQuality "1"]

1. e4 e5 2. Nc3 Nc6 3. Bc4 Nf6 4. d3 Na5 5. Nge2 Nxc4 6. dxc4 Bc5 7. Qd3 0-0 8. h3 Re8 9. Bg5 h6 10. Bd2 c6 11. g4 Be7 12. g5 hxg5 13. Bxg5 Nh5 14. Be3 d6 15. 0-0-0 Be6 16. Rhg1 Qa5 17. Kb1 Qb4 18. Bd2 Qxc4 19. Qf3 Nf6 20. Bg5 Nd7 21. Bxe7 Rxe7 22. Rxd6 Rf8 23. Qg2 g6 24. Qg5 Rfe8 25. h4 Nf8 26. Ng3 Nh7 27. Qh6 Qc5 28. Nh5 f6 29. Qxg6+ Kh8 30. Rxe6 1-0

[Event "ITA-ch U20"]
[Site "Tarvisio"]
[Date "2023.07.05"]
[Round "4"]
[White "Fava, Lorenzo"]
[Black "Mascia, Germano"]
[Result "1/2-1/2"]
[WhiteElo "2165"]
[BlackElo "1839"]
[PlyCount "74"]
[EventDate "2023.07.02"]
[EventType "swiss"]
[EventRounds "9"]
[EventCountry "ITA"]
[SourceTitle "EXT 2024"]
[Source "ChessBase"]
[SourceDate "2023.10.10"]
[SourceVersion "1"]
[SourceVersionDate "2023.10.10"]
[SourceQuality "1"]

1. e4 e6 2. d4 d5 3. Nc3 Nf6 4. Bg5 Bb4 5. e5 h6 6. Bd2 Bxc3 7. bxc3 Ne4 8. Qg4 Kf8 9. Bd3 Nxd2 10. Kxd2 Qg5+ 11. Qxg5 hxg5 12. Rf1 c5 13. f4 g4 14. Be2 Nc6 15. Ke3 f5 16. exf6 gxf6 17. Bxg4 cxd4+ 18. cxd4 e5 19. Bxc8 exd4+ 20. Kd2 Rxc8 21. Rb1 Rh7 22. Nf3 Re7 23. Rhe1 Re3 24. Rxe3 dxe3+ 25. Kxe3 Na5 26. Kd3 Rc4 27. Rb5 Ra4 28. Rxd5 Rxa2 29. Rd7 Ra3+ 30. Ke2 Ke8 31. Rc7 Ra4 32. h4 Rxf4 33. Ke3 Rc4 34. Rh7 Rxc2 35. h5 Rxg2 36. h6 Nc4+ 37. Kd4 Ne5 1/2-1/2

[Event "Daventry 4NCL op-A 30th"]
[Site "Daventry"]
[Date "2023.06.18"]
[Round "5"]
[White "Finn, Peter"]
[Black "Fava, Lorenzo"]
[Result "1-0"]
[WhiteElo "2196"]
[BlackElo "2105"]
[PlyCount "83"]
[EventDate "2023.06.16"]
[EventType "swiss"]
[EventRounds "5"]
[EventCountry "ENG"]
[SourceTitle "CBM 214 Extra"]
[Source "ChessBase"]
[SourceDate "2023.07.31"]
[SourceVersion "1"]
[SourceVersionDate "2023.07.31"]
[SourceQuality "1"]

1. d4 d5 2. Nf3 e6 3. g3 b5 4. Bg2 Bb7 5. 0-0 Nf6 6. a4 b4 7. c4 dxc4 8. Qc2 Bd5 9. Bg5 b3 10. Qc1 c5 11. dxc5 Bxc5 12. Nbd2 Qc8 13. Bxf6 gxf6 14. e4 Bb7 15. Qxc4 Ba6 16. Qc3 Bxf1 17. Qxf6 Rf8 18. Bxf1 Nd7 19. Qg7 Qb7 20. Ng5 Qb6 21. Bb5 Bxf2+ 22. Kg2 Qd4 23. Qxd4 Bxd4 24. Nxb3 Be3 25. Nxh7 Rh8 26. Nf6+ Ke7 27. Nxd7 a6 28. Bc6 Rac8 29. Ne5 Rb8 30. Bb5 Rhc8 31. Na5 Rb6 32. Nac6+ Rcxc6 33. Bxc6 Bd4 34. Nf3 Be3 35. Re1 Bh6 36. Nd4 Kd6 37. Rd1 Rxb2+ 38. Kh3 Ke7 39. Nf3 Rb6 40. Ne5 Bg7 41. Rd7+ Kf6 42. a5 1-0

[Event "Daventry 4NCL Easter op-A 3rd"]
[Site "Daventry"]
[Date "2023.04.09"]
[Round "4"]
[White "Davies, Nigel Rodney"]
[Black "Fava, Lorenzo"]
[Result "1-0"]
[WhiteElo "2381"]
[BlackElo "2107"]
[PlyCount "40"]
[EventDate "2023.04.07"]
[EventType "swiss"]
[EventRounds "7"]
[EventCountry "ENG"]
[SourceTitle "CBM 213 Extra"]
[Source "ChessBase"]
[SourceDate "2023.05.31"]
[SourceVersion "1"]
[SourceVersionDate "2023.05.31"]
[SourceQuality "1"]

1. d4 Nf6 2. Nf3 e6 3. c4 b6 4. e3 Bb7 5. Bd3 c5 6. 0-0 Be7 7. Nc3 cxd4 8. exd4 d5 9. cxd5 Nxd5 10. Ne5 0-0 11. Qg4 Nd7 12. Bh6 Bf6 13. Qe4 Re8 14. Qxh7+ Kf8 15. Nxd5 Bxd5 16. Bd2 a5 17. Rfe1 Ke7 18. Qh5 g6 19. Qh7 Ra7 20. Rac1 Nf8 1-0

[Event "Cambridge op"]
[Site "Cambridge"]
[Date "2023.02.18"]
[Round "8"]
[White "Fava, Lorenzo"]
[Black "Gormally, Daniel"]
[Result "1/2-1/2"]
[WhiteElo "2089"]
[BlackElo "2448"]
[PlyCount "71"]
[EventDate "2023.02.15"]
[EventType "swiss"]
[EventRounds "9"]
[EventCountry "ENG"]
[SourceTitle "CBM 212 Extra"]
[Source "ChessBase"]
[SourceDate "2023.03.31"]
[SourceVersion "1"]
[SourceVersionDate "2023.03.31"]
[SourceQuality "1"]

1. e4 c5 2. Nf3 d6 3. Bb5+ Nd7 4. c4 Ngf6 5. Nc3 e6 6. d4 cxd4 7. Qxd4 Be7 8. 0-0 0-0 9. Bxd7 Bxd7 10. b3 Bc6 11. Bb2 Qa5 12. Qd2 Qh5 13. Rfe1 Ng4 14. Ba3 Rfd8 15. Rad1 h6 16. Qc1 Bg5 17. Qc2 Bf4 18. h3 Nf6 19. Bc1 Be5 20. Nxe5 dxe5 21. Rxd8+ Rxd8 22. f3 Qh4 23. Qf2 Qxf2+ 24. Kxf2 Rd3 25. Re3 Rd8 26. Ke2 b6 27. Rd3 Rxd3 28. Kxd3 Nd7 29. Be3 Kf8 30. a4 Nc5+ 31. Kc2 a5 32. Bxc5+ bxc5 33. h4 g5 34. hxg5 hxg5 35. g4 Ke7 36. Kd3 1/2-1/2

[Event "Harrogate 4NCL op-A 29th"]
[Site "Harrogate"]
[Date "2023.01.21"]
[Round "2"]
[White "Wells, Peter K"]
[Black "Fava, Lorenzo"]
[Result "1-0"]
[WhiteElo "2370"]
[BlackElo "2111"]
[PlyCount "69"]
[EventDate "2023.01.20"]
[EventType "swiss"]
[EventRounds "5"]
[EventCountry "ENG"]
[SourceTitle "CBM 212 Extra"]
[Source "ChessBase"]
[SourceDate "2023.03.31"]
[SourceVersion "1"]
[SourceVersionDate "2023.03.31"]
[SourceQuality "1"]

1. Nf3 g6 2. d4 Bg7 3. c4 d6 4. Nc3 Nc6 5. d5 Ne5 6. Nxe5 Bxe5 7. e4 Nf6 8. Bd3 0-0 9. h3 Bxc3+ 10. bxc3 Nd7 11. h4 e5 12. dxe6 fxe6 13. Bg5 Qe8 14. h5 Qf7 15. f4 Qg7 16. hxg6 Qxc3+ 17. Ke2 Nc5 18. e5 dxe5 19. Rc1 Qd4 20. gxh7+ Kh8 21. Bg6 Qxd1+ 22. Rcxd1 Bd7 23. fxe5 Ba4 24. Rdf1 Nd7 25. Be7 Rxf1 26. Rxf1 Kg7 27. Be4 Bc6 28. Bf6+ Nxf6 29. exf6+ Kh8 30. Bxc6 bxc6 31. Rh1 Rf8 32. Rh6 Rb8 33. g4 Rb2+ 34. Ke3 Rb1 35. g5 1-0

[Event "Birmingham op"]
[Site "Birmingham"]
[Date "2022.11.20"]
[Round "5"]
[White "Fava, Lorenzo"]
[Black "Saunders, Aron"]
[Result "1/2-1/2"]
[WhiteElo "2138"]
[BlackElo "2144"]
[PlyCount "120"]
[EventDate "2022.11.19"]
[EventType "swiss"]
[EventRounds "5"]
[EventCountry "ENG"]
[SourceTitle "CBM 211 Extra"]
[Source "ChessBase"]
[SourceDate "2023.01.31"]
[SourceVersion "1"]
[SourceVersionDate "2023.01.31"]
[SourceQuality "1"]

1. d4 d5 2. Bf4 Nf6 3. e3 c5 4. c3 Nc6 5. Bd3 cxd4 6. exd4 Bg4 7. Qb3 Qc8 8. Nd2 e6 9. Ngf3 Be7 10. h3 Bh5 11. Bb5 0-0 12. g4 Bg6 13. Bxc6 bxc6 14. Ne5 Nd7 15. Nxg6 hxg6 16. h4 Re8 17. Nf3 c5 18. h5 g5 19. Bxg5 Rb8 20. Qc2 cxd4 21. Bxe7 Rxe7 22. Nxd4 e5 23. Nf5 Re6 24. g5 e4 25. 0-0-0 Ne5 26. g6 Qa6 27. b3 Nd3+ 28. Kb1 fxg6 29. hxg6 Rf8 30. Rh5 Re5 31. Rdh1 Qxg6 32. Rh8+ Kf7 33. Rxf8+ Kxf8 34. Ne3 Rh5 35. Rf1 Rh2 36. Nxd5 Qg2 37. Ne3 Qf3 38. Nd1 Qf4 39. c4 g5 40. c5 Ke7 41. c6 Kd8 42. Qc4 Kc7 43. Nc3 Qe5 44. Nb5+ Kb6 45. Nd4 Qc5 46. c7 Qxc4 47. bxc4 Kxc7 48. Ne6+ Kc6 49. Nxg5 Rxf2 50. Rxf2 Nxf2 51. Kc2 e3 52. Nf3 Kc5 53. Kc3 a5 54. Ne1 a4 55. Nc2 e2 56. Kd2 Kxc4 57. Kxe2 Kc3 58. Kxf2 Kxc2 59. Ke2 Kb2 60. Kd2 Kxa2 1/2-1/2